Método Carulli para guitarra

Salvato in:
Dettagli Bibliografici
Autore principale: Carulli, Ferdinando (Autore)
Natura: Libro
Lingua:spagnolo
Pubblicazione: Santiago Casa Amarilla 1900
Soggetti:
Tags: Aggiungi Tag
Nessun Tag, puoi essere il primo ad aggiungerne!!

MARC

LEADER 00000nam a2200000 a 4500
001 UCN5055
003 CL-VaPUC
008 010817e19000000CL |||||||||||||||||spa|d
082 0 4 |a 787.87193  |b CAR  |2 21 
100 0 |a Carulli, Ferdinando  |e author  |9 461160 
245 1 0 |a Método Carulli para guitarra 
300 |a 103 p 
942 |c BK 
945 |d 20010817 00:00:00  |a crobeson 
260 |a Santiago  |b Casa Amarilla  |c 1900 
650 7 |a GUITARRA - TECNICAS DE EJECUCION  |2 CL-VaPUC  |9 461161 
650 0 |a Guitarra, estudio e instrucción  |9 331730 
650 7 |a GUITARRA - EJERCICIOS  |2 CL-VaPUC  |9 461162 
583 |a last modification  |c 20010817 00:00:00  |k Rodrigo Vera 
999 |c 296831  |d 296829 
952 |0 0  |1 0  |4 0  |6 787_871930000000000_CAR_1900  |7 0  |8 F  |9 351025  |a BIBEDU  |b BIBEDU  |d 2019-11-20  |i 1199404  |o 787.87193 CAR 1900  |p 1199404  |r 2023-11-22  |w 2019-11-20  |y BK_F  |k MUS